| 000 | 00551nam a2200169 i 4500 | ||
|---|---|---|---|
| 001 | 68491 | ||
| 003 | ES-MaACL | ||
| 005 | 20231227184714.0 | ||
| 007 | t| | ||
| 008 | 040629s1911 sp ||||1| spa d | ||
| 100 | 1 |
_aGarcía Martí, Victoriano, _d1881-1966 _954896 |
|
| 245 | 1 | 0 |
_aDel mundo interior _b: meditaciones / _cpor Victoriano García Martí. |
| 260 |
_aMadrid : _b[s.n.], _c1911 ( _fTip. de la Revista de Archivos) |
||
| 300 |
_a106 p. ; _c18 cm. |
||
| 852 |
_aES-MaACL _jG-1332(2) _q. - Encuadernado con otra obra |
||
| 999 |
_c68491 _d68491 |
||